<?xml version="1.0" encoding="UTF-8"?>
<record
    xmlns:xsi="http://www.w3.org/2001/XMLSchema-instance"
    xsi:schemaLocation="http://www.loc.gov/MARC21/slim http://www.loc.gov/standards/marcxml/schema/MARC21slim.xsd"
    xmlns="http://www.loc.gov/MARC21/slim">

  <leader>01051nam a22002537a 4500</leader>
  <controlfield tag="005">20170504105236.0</controlfield>
  <datafield tag="010" ind1=" " ind2=" ">
    <subfield code="a">1617EN  ENG-116894</subfield>
  </datafield>
  <datafield tag="020" ind1=" " ind2=" ">
    <subfield code="a">9780199459636</subfield>
    <subfield code="c">525.00</subfield>
  </datafield>
  <datafield tag="035" ind1=" " ind2=" ">
    <subfield code="a">B-651503-515</subfield>
  </datafield>
  <datafield tag="035" ind1=" " ind2=" ">
    <subfield code="a">EN-100426</subfield>
  </datafield>
  <datafield tag="035" ind1=" " ind2=" ">
    <subfield code="a">B-666235</subfield>
  </datafield>
  <datafield tag="037" ind1=" " ind2=" ">
    <subfield code="b">Pragati</subfield>
    <subfield code="a">dpl</subfield>
  </datafield>
  <datafield tag="037" ind1=" " ind2=" ">
    <subfield code="b">DBAD/PUB</subfield>
  </datafield>
  <datafield tag="082" ind1=" " ind2=" ">
    <subfield code="a">005.133</subfield>
  </datafield>
  <datafield tag="100" ind1=" " ind2=" ">
    <subfield code="a">Thareja , Reema</subfield>
  </datafield>
  <datafield tag="245" ind1=" " ind2=" ">
    <subfield code="a">Object oriented programming with C++ /</subfield>
    <subfield code="c">by  Reema Thareja </subfield>
  </datafield>
  <datafield tag="260" ind1=" " ind2=" ">
    <subfield code="c">2016 (rp)</subfield>
    <subfield code="a">New Delhi</subfield>
    <subfield code="b">Oxford University Press</subfield>
  </datafield>
  <datafield tag="270" ind1=" " ind2=" ">
    <subfield code="a">YMCA Library Building, 1, Jai Singh Road, </subfield>
    <subfield code="b">New Delhi</subfield>
    <subfield code="e">110001.</subfield>
  </datafield>
  <datafield tag="300" ind1=" " ind2=" ">
    <subfield code="c">24cm(pbk)</subfield>
    <subfield code="a">xviii,780p.</subfield>
    <subfield code="b">ill.</subfield>
  </datafield>
  <datafield tag="500" ind1=" " ind2=" ">
    <subfield code="a">includes index</subfield>
  </datafield>
  <datafield tag="942" ind1=" " ind2=" ">
    <subfield code="c">EN</subfield>
    <subfield code="2">ddc</subfield>
    <subfield code="h">005.133</subfield>
    <subfield code="m">THA</subfield>
  </datafield>
  <datafield tag="999" ind1=" " ind2=" ">
    <subfield code="c">101900</subfield>
    <subfield code="d">101900</subfield>
  </datafield>
  <datafield tag="952" ind1=" " ind2=" ">
    <subfield code="0">0</subfield>
    <subfield code="1">0</subfield>
    <subfield code="4">0</subfield>
    <subfield code="7">1</subfield>
    <subfield code="8">NFIC</subfield>
    <subfield code="a">DBAD</subfield>
    <subfield code="b">DBAD</subfield>
    <subfield code="d">2016-12-22</subfield>
    <subfield code="e">DBAD/PUB</subfield>
    <subfield code="g">525.00</subfield>
    <subfield code="l">0</subfield>
    <subfield code="o">005.133 THA</subfield>
    <subfield code="p">EN-100426</subfield>
    <subfield code="r">2016-12-22 00:00:00</subfield>
    <subfield code="t">1</subfield>
    <subfield code="v">525.00</subfield>
    <subfield code="w">2016-12-22</subfield>
    <subfield code="y">EN</subfield>
  </datafield>
  <datafield tag="952" ind1=" " ind2=" ">
    <subfield code="0">0</subfield>
    <subfield code="1">0</subfield>
    <subfield code="4">0</subfield>
    <subfield code="7">0</subfield>
    <subfield code="8">NFIC</subfield>
    <subfield code="a">L</subfield>
    <subfield code="b">L</subfield>
    <subfield code="d">2017-02-09</subfield>
    <subfield code="e">BPPD/EN/2016-17/300/24.11.2016/IN339/02.12.2016/4.01.17</subfield>
    <subfield code="g">525.00</subfield>
    <subfield code="l">28</subfield>
    <subfield code="m">13</subfield>
    <subfield code="o">005.133 THA</subfield>
    <subfield code="p">B-651503</subfield>
    <subfield code="r">2024-02-26 00:00:00</subfield>
    <subfield code="s">2024-02-05</subfield>
    <subfield code="t">1</subfield>
    <subfield code="v">525.00</subfield>
    <subfield code="w">2017-02-09</subfield>
    <subfield code="y">EN</subfield>
  </datafield>
  <datafield tag="952" ind1=" " ind2=" ">
    <subfield code="0">0</subfield>
    <subfield code="1">0</subfield>
    <subfield code="4">0</subfield>
    <subfield code="7">0</subfield>
    <subfield code="8">NFIC</subfield>
    <subfield code="a">NPL</subfield>
    <subfield code="b">NPL</subfield>
    <subfield code="d">2017-02-09</subfield>
    <subfield code="e">BPPD/EN/2016-17/300/24.11.2016/IN339/02.12.2016/4.01.17</subfield>
    <subfield code="g">525.00</subfield>
    <subfield code="l">0</subfield>
    <subfield code="o">005.133 THA</subfield>
    <subfield code="p">B-651504</subfield>
    <subfield code="r">2017-02-09 00:00:00</subfield>
    <subfield code="t">1</subfield>
    <subfield code="v">525.00</subfield>
    <subfield code="y">EN</subfield>
  </datafield>
  <datafield tag="952" ind1=" " ind2=" ">
    <subfield code="0">0</subfield>
    <subfield code="1">0</subfield>
    <subfield code="4">0</subfield>
    <subfield code="7">0</subfield>
    <subfield code="8">NFIC</subfield>
    <subfield code="a">BL1</subfield>
    <subfield code="b">BL1</subfield>
    <subfield code="d">2017-02-09</subfield>
    <subfield code="e">BPPD/EN/2016-17/300/24.11.2016/IN339/02.12.2016/4.01.17</subfield>
    <subfield code="g">525.00</subfield>
    <subfield code="l">12</subfield>
    <subfield code="m">16</subfield>
    <subfield code="o">005.133 THA</subfield>
    <subfield code="p">B-651505</subfield>
    <subfield code="r">2024-06-24 00:00:00</subfield>
    <subfield code="s">2024-05-07</subfield>
    <subfield code="t">1</subfield>
    <subfield code="v">525.00</subfield>
    <subfield code="y">EN</subfield>
  </datafield>
  <datafield tag="952" ind1=" " ind2=" ">
    <subfield code="0">0</subfield>
    <subfield code="1">0</subfield>
    <subfield code="4">0</subfield>
    <subfield code="7">0</subfield>
    <subfield code="8">NFIC</subfield>
    <subfield code="a">JP</subfield>
    <subfield code="b">JP</subfield>
    <subfield code="d">2017-02-09</subfield>
    <subfield code="e">BPPD/EN/2016-17/300/24.11.2016/IN339/02.12.2016/4.01.17</subfield>
    <subfield code="g">525.00</subfield>
    <subfield code="l">24</subfield>
    <subfield code="m">15</subfield>
    <subfield code="o">005.133 THA</subfield>
    <subfield code="p">B-651506</subfield>
    <subfield code="r">2025-07-31 00:00:00</subfield>
    <subfield code="s">2025-07-18</subfield>
    <subfield code="t">1</subfield>
    <subfield code="v">525.00</subfield>
    <subfield code="y">EN</subfield>
  </datafield>
  <datafield tag="952" ind1=" " ind2=" ">
    <subfield code="0">0</subfield>
    <subfield code="1">0</subfield>
    <subfield code="4">0</subfield>
    <subfield code="7">0</subfield>
    <subfield code="8">NFIC</subfield>
    <subfield code="a">ZLS</subfield>
    <subfield code="b">ZLS</subfield>
    <subfield code="d">2017-02-09</subfield>
    <subfield code="e">BPPD/EN/2016-17/300/24.11.2016/IN339/02.12.2016/4.01.17</subfield>
    <subfield code="g">525.00</subfield>
    <subfield code="l">9</subfield>
    <subfield code="m">9</subfield>
    <subfield code="o">005.133 THA</subfield>
    <subfield code="p">B-651507</subfield>
    <subfield code="r">2022-03-28 00:00:00</subfield>
    <subfield code="s">2022-02-11</subfield>
    <subfield code="t">1</subfield>
    <subfield code="v">525.00</subfield>
    <subfield code="y">EN</subfield>
  </datafield>
  <datafield tag="952" ind1=" " ind2=" ">
    <subfield code="0">0</subfield>
    <subfield code="1">0</subfield>
    <subfield code="4">0</subfield>
    <subfield code="7">0</subfield>
    <subfield code="8">NFIC</subfield>
    <subfield code="a">BN</subfield>
    <subfield code="b">BN</subfield>
    <subfield code="d">2017-02-09</subfield>
    <subfield code="e">BPPD/EN/2016-17/300/24.11.2016/IN339/02.12.2016/4.01.17</subfield>
    <subfield code="g">525.00</subfield>
    <subfield code="l">9</subfield>
    <subfield code="m">3</subfield>
    <subfield code="o">005.133 THA</subfield>
    <subfield code="p">B-651508</subfield>
    <subfield code="r">2022-01-04 00:00:00</subfield>
    <subfield code="s">2021-12-06</subfield>
    <subfield code="t">1</subfield>
    <subfield code="v">525.00</subfield>
    <subfield code="y">EN</subfield>
  </datafield>
  <datafield tag="952" ind1=" " ind2=" ">
    <subfield code="0">0</subfield>
    <subfield code="1">0</subfield>
    <subfield code="4">0</subfield>
    <subfield code="7">0</subfield>
    <subfield code="8">NFIC</subfield>
    <subfield code="a">BKK</subfield>
    <subfield code="b">BKK</subfield>
    <subfield code="d">2017-02-09</subfield>
    <subfield code="e">BPPD/EN/2016-17/300/24.11.2016/IN339/02.12.2016/4.01.17</subfield>
    <subfield code="g">525.00</subfield>
    <subfield code="l">0</subfield>
    <subfield code="o">005.133 THA</subfield>
    <subfield code="p">B-651509</subfield>
    <subfield code="r">2017-02-09 00:00:00</subfield>
    <subfield code="t">1</subfield>
    <subfield code="v">525.00</subfield>
    <subfield code="y">EN</subfield>
  </datafield>
  <datafield tag="952" ind1=" " ind2=" ">
    <subfield code="0">0</subfield>
    <subfield code="1">0</subfield>
    <subfield code="4">0</subfield>
    <subfield code="7">0</subfield>
    <subfield code="8">NFIC</subfield>
    <subfield code="a">BN</subfield>
    <subfield code="b">BN</subfield>
    <subfield code="d">2017-02-09</subfield>
    <subfield code="e">BPPD/EN/2016-17/300/24.11.2016/IN339/02.12.2016/4.01.17</subfield>
    <subfield code="g">525.00</subfield>
    <subfield code="l">8</subfield>
    <subfield code="m">3</subfield>
    <subfield code="o">005.133 THA</subfield>
    <subfield code="p">B-651510</subfield>
    <subfield code="r">2021-10-05 00:00:00</subfield>
    <subfield code="s">2021-09-20</subfield>
    <subfield code="t">1</subfield>
    <subfield code="v">525.00</subfield>
    <subfield code="y">EN</subfield>
  </datafield>
  <datafield tag="952" ind1=" " ind2=" ">
    <subfield code="0">0</subfield>
    <subfield code="1">0</subfield>
    <subfield code="4">0</subfield>
    <subfield code="7">0</subfield>
    <subfield code="8">NFIC</subfield>
    <subfield code="a">BN</subfield>
    <subfield code="b">BN</subfield>
    <subfield code="d">2017-02-09</subfield>
    <subfield code="e">BPPD/EN/2016-17/300/24.11.2016/IN339/02.12.2016/4.01.17</subfield>
    <subfield code="g">525.00</subfield>
    <subfield code="l">2</subfield>
    <subfield code="m">0</subfield>
    <subfield code="o">005.133 THA</subfield>
    <subfield code="p">B-651511</subfield>
    <subfield code="r">2019-10-09 00:00:00</subfield>
    <subfield code="s">2019-10-09</subfield>
    <subfield code="t">1</subfield>
    <subfield code="v">525.00</subfield>
    <subfield code="y">EN</subfield>
  </datafield>
  <datafield tag="952" ind1=" " ind2=" ">
    <subfield code="0">0</subfield>
    <subfield code="1">0</subfield>
    <subfield code="4">0</subfield>
    <subfield code="7">0</subfield>
    <subfield code="8">NFIC</subfield>
    <subfield code="a">BL4</subfield>
    <subfield code="b">BL4</subfield>
    <subfield code="d">2017-02-09</subfield>
    <subfield code="e">BPPD/EN/2016-17/300/24.11.2016/IN339/02.12.2016/4.01.17</subfield>
    <subfield code="g">525.00</subfield>
    <subfield code="l">15</subfield>
    <subfield code="m">8</subfield>
    <subfield code="o">005.133 THA</subfield>
    <subfield code="p">B-651512</subfield>
    <subfield code="r">2025-10-24 00:00:00</subfield>
    <subfield code="s">2025-10-01</subfield>
    <subfield code="t">1</subfield>
    <subfield code="v">525.00</subfield>
    <subfield code="y">EN</subfield>
  </datafield>
  <datafield tag="952" ind1=" " ind2=" ">
    <subfield code="0">0</subfield>
    <subfield code="1">0</subfield>
    <subfield code="4">0</subfield>
    <subfield code="7">0</subfield>
    <subfield code="8">NFIC</subfield>
    <subfield code="a">RC4</subfield>
    <subfield code="b">RC4</subfield>
    <subfield code="d">2017-02-09</subfield>
    <subfield code="e">BPPD/EN/2016-17/300/24.11.2016/IN339/02.12.2016/4.01.17</subfield>
    <subfield code="g">525.00</subfield>
    <subfield code="l">1</subfield>
    <subfield code="o">005.133 THA</subfield>
    <subfield code="p">B-651513</subfield>
    <subfield code="r">2018-02-07 00:00:00</subfield>
    <subfield code="s">2018-01-24</subfield>
    <subfield code="t">1</subfield>
    <subfield code="v">525.00</subfield>
    <subfield code="y">EN</subfield>
  </datafield>
  <datafield tag="952" ind1=" " ind2=" ">
    <subfield code="0">4</subfield>
    <subfield code="1">0</subfield>
    <subfield code="4">0</subfield>
    <subfield code="7">0</subfield>
    <subfield code="8">NFIC</subfield>
    <subfield code="a">RC4</subfield>
    <subfield code="b">RC4</subfield>
    <subfield code="d">2017-02-09</subfield>
    <subfield code="e">BPPD/EN/2016-17/300/24.11.2016/IN339/02.12.2016/4.01.17</subfield>
    <subfield code="g">525.00</subfield>
    <subfield code="l">0</subfield>
    <subfield code="o">005.133 THA</subfield>
    <subfield code="p">B-651514</subfield>
    <subfield code="r">2017-02-09 00:00:00</subfield>
    <subfield code="t">1</subfield>
    <subfield code="v">525.00</subfield>
    <subfield code="y">EN</subfield>
    <subfield code="z">Written off vide C-30021/05/2022/Estt./110
dt.07.11.22   
</subfield>
  </datafield>
  <datafield tag="952" ind1=" " ind2=" ">
    <subfield code="0">0</subfield>
    <subfield code="1">0</subfield>
    <subfield code="4">0</subfield>
    <subfield code="7">0</subfield>
    <subfield code="8">NFIC</subfield>
    <subfield code="a">RC4</subfield>
    <subfield code="b">RC4</subfield>
    <subfield code="d">2017-02-09</subfield>
    <subfield code="e">BPPD/EN/2016-17/300/24.11.2016/IN339/02.12.2016/4.01.17</subfield>
    <subfield code="g">525.00</subfield>
    <subfield code="l">0</subfield>
    <subfield code="o">005.133 THA</subfield>
    <subfield code="p">B-651515</subfield>
    <subfield code="r">2017-02-09 00:00:00</subfield>
    <subfield code="t">1</subfield>
    <subfield code="v">525.00</subfield>
    <subfield code="y">EN</subfield>
  </datafield>
  <datafield tag="952" ind1=" " ind2=" ">
    <subfield code="0">0</subfield>
    <subfield code="1">0</subfield>
    <subfield code="4">0</subfield>
    <subfield code="7">0</subfield>
    <subfield code="8">NFIC</subfield>
    <subfield code="a">AV</subfield>
    <subfield code="b">AV</subfield>
    <subfield code="d">2017-05-04</subfield>
    <subfield code="e">BPPD/EN/2016-17/AV/16-17/466/15.02.2017/570/28.02.2017/10.3.2017</subfield>
    <subfield code="g">525.00</subfield>
    <subfield code="l">6</subfield>
    <subfield code="m">6</subfield>
    <subfield code="o">005.133 THA</subfield>
    <subfield code="p">B-666235</subfield>
    <subfield code="r">2025-08-11 00:00:00</subfield>
    <subfield code="s">2025-08-01</subfield>
    <subfield code="v">525.00</subfield>
    <subfield code="w">2017-05-04</subfield>
    <subfield code="y">EN</subfield>
  </datafield>
</record>
